Электромагнитный привод первичного измерительного преобразователя безконтактного измерительного комплекса; Современные техника и технологии; Т. 1
| Parent link: | Современные техника и технологии: сборник трудов XVI Международной научно-практической конференции студентов, аспирантов и молодых ученых, Томск, 12-16 апреля 2010 г/ Национальный исследовательский Томский политехнический университет (ТПУ).— , 2010 Т. 1.— 2010.— [С. 495-497] |
|---|---|
| Yazar: | |
| Diğer Yazarlar: | , |
| Özet: | Заглавие с титульного листа Электронная версия печатной публикации |
| Dil: | Rusça |
| Baskı/Yayın Bilgisi: |
2010
|
| Konular: | |
| Online Erişim: | http://www.lib.tpu.ru/fulltext/v/Conferences/2010/K04/104253.pdf |
| Materyal Türü: | MixedMaterials Elektronik Kitap Bölümü |
| KOHA link: | https://koha.lib.tpu.ru/cgi-bin/koha/opac-detail.pl?biblionumber=228996 |
MARC
| LEADER | 00000nla2a2200000 4500 | ||
|---|---|---|---|
| 001 | 228996 | ||
| 005 | 20240115102235.0 | ||
| 035 | |a (RuTPU)RU\TPU\book\249527 | ||
| 035 | |a RU\TPU\book\249525 | ||
| 090 | |a 228996 | ||
| 100 | |a 20121225d2010 k y0rusy50 ca | ||
| 101 | 0 | |a rus | |
| 102 | |a RU | ||
| 105 | |a y z 101zy | ||
| 135 | |a drnn ---uucaa | ||
| 181 | 0 | |a i | |
| 182 | 0 | |a b | |
| 200 | 1 | |a Электромагнитный привод первичного измерительного преобразователя безконтактного измерительного комплекса |f Д. А. Хворостенко, О. С. Качин |g науч. рук. С. И. Качин | |
| 203 | |a Текст |c электронный | ||
| 215 | |a 1 файл (227 Кб) | ||
| 300 | |a Заглавие с титульного листа | ||
| 300 | |a Электронная версия печатной публикации | ||
| 337 | |a Adobe Reader | ||
| 461 | 0 | |0 (RuTPU)RU\TPU\book\245271 |t Современные техника и технологии |o сборник трудов XVI Международной научно-практической конференции студентов, аспирантов и молодых ученых, Томск, 12-16 апреля 2010 г |o в 3 т. |f Национальный исследовательский Томский политехнический университет (ТПУ) |d 2010 | |
| 463 | 0 | |0 (RuTPU)RU\TPU\book\245275 |t Т. 1 |v [С. 495-497] |d 2010 |p [511 с.] | |
| 610 | 1 | |a преобразователи | |
| 610 | 1 | |a преобразователи измерительные | |
| 610 | 1 | |a бесконтактные измерения | |
| 610 | 1 | |a комплексы | |
| 610 | 1 | |a электромагнитные приводы | |
| 610 | 1 | |a модели | |
| 610 | 1 | |a электронный ресурс | |
| 610 | 1 | |a труды учёных ТПУ | |
| 700 | 1 | |a Хворостенко |b Д. А. | |
| 701 | 1 | |a Качин |b О. С. |c специалист в области электротехники |c доцент Томского политехнического университета, кандидат технических наук |f 1982- |g Олег Сергеевич |3 (RuTPU)RU\TPU\pers\27695 |9 12769 | |
| 702 | 1 | |a Качин |b С. И. |c специалист в области электротехники |c профессор Томского политехнического университета, доктор технических наук |f 1954- |g Сергей Ильич |4 727 | |
| 801 | 1 | |a RU |b 63413507 |c 20121116 | |
| 801 | 2 | |a RU |b 63413507 |c 20140220 |g RCR | |
| 856 | 4 | |u http://www.lib.tpu.ru/fulltext/v/Conferences/2010/K04/104253.pdf | |
| 942 | |c CF | ||